| 000 | 00419nam a2200157Ia 4500 | ||
|---|---|---|---|
| 008 | 151213s9999 xx 000 0 und d | ||
| 100 | _aSiddiqur Rahman Mion | ||
| 245 |
_aCommentary on Civil Rules of Others _cSiddiqur Rahman Mion |
||
| 250 | _a1st | ||
| 260 |
_aDhaka _bNew Warsi Book Corpration _c2001 |
||
| 300 | _a3264 p. | ||
| 650 | _aLaw | ||
| 650 | _aLaw | ||
| 700 | _aSiddiqur Rahman Mion | ||
| 999 |
_c2239 _d2239 |
||